Get the Picture: American Cars Quiz Stats

 Plays Quiz Updated Apr 26, 2019

Score 0/16 Timer 02:00
1 Play Today
Question Answer Wrong Answers
Mustang Ford
90.7%
Chevrolet
3.5%
Cadillac
1.2%
Dodge
1.3%
Charger Dodge
86%
Chevrolet
4.6%
Ford
4.6%
Cadillac
1.4%
Corvette Chevrolet
85.4%
Ford
3.8%
Cadillac
5.2%
Dodge
2.3%
Camaro Chevrolet
81.7%
Ford
6.7%
Cadillac
3%
Dodge
5.2%
Challenger Dodge
81.5%
Chevrolet
4.7%
Ford
8.1%
Cadillac
2.2%
Impala Chevrolet
81.4%
Ford
7.5%
Cadillac
4.1%
Dodge
3.5%
DeVille Cadillac
79%
Chevrolet
9.9%
Ford
3.6%
Dodge
4%
Volt Chevrolet
73.9%
Ford
7.3%
Cadillac
5.7%
Dodge
9.2%
Escalade Cadillac
71.9%
Chevrolet
7.4%
Ford
14.5%
Dodge
2.8%
Falcon Ford
69.6%
Chevrolet
7.1%
Cadillac
7.2%
Dodge
12.6%
Avenger Dodge
67.2%
Chevrolet
9.7%
Ford
12.5%
Cadillac
7%
GT Ford
66.4%
Chevrolet
11.9%
Cadillac
7.2%
Dodge
11%
CTS Cadillac
64.7%
Chevrolet
12.2%
Ford
7.9%
Dodge
11.1%
Magnum Dodge
58.4%
Chevrolet
11.6%
Ford
15.3%
Cadillac
11.2%
Torino Ford
58.2%
Chevrolet
15.5%
Cadillac
8.6%
Dodge
14.1%
Eldorado Cadillac
53.2%
Chevrolet
25.8%
Ford
11.2%
Dodge
6.2%

Today's Daily Dose

You're not logged in!

Compare scores with friends on all Sporcle quizzes.
OR
Log In

Sporcle TV

Today on Sporcle TV


Watch our educational content, quiz creation guides, and fun videos on Sporcle TV.

Show Comments

Extras

Top Quizzes Today


Score Distribution

Your Account Isn't Verified!

In order to create a playlist on Sporcle, you need to verify the email address you used during registration. Go to your Sporcle Settings to finish the process.

Report this User

Report this user for behavior that violates our Community Guidelines.

Details: